Dua Lipa - Career - Statistiques

Statistiques générales
  • Ce quiz a été pris 19 fois
  • Le résultat moyen est 164 sur 260
Statistiques - réponses
Hint Réponse % Correct
4 Be the One
92%
2016 Be the One - Acapella
92%
2016 (remix) Be the One (feat. Dillistone)
92%
2016 (remix) Be the One (feat. Netsky)
92%
2016 (remix) Be the One (feat. Paul Woolford)
92%
2016 (remix) Be the One (feat. Sky Luv)
92%
2016 (remix) Be the One (feat. Take A Daytrip)
92%
2016 (remix) Be the One (feat. Ten Ven)
92%
2016 (remix) Be the One (feat. With You)
92%
2016 Be the One - Instrumental
92%
4 Be the One - Live from Spotify, London
92%
18 Be The One (Live from the Royal Albert Hall)
92%
2 Houdini
92%
2 | 2023 Houdini - Extended
92%
2024 (remix) Houdini - Extended (feat. Adam Port)
92%
2023 (remix) Houdini (feat. Adam Port)
92%
2023 (remix) Houdini (feat. Danny L Harle)
92%
3 Houdini (Live from the Royal Albert Hall)
92%
2023 Houdini (London Sessions)
92%
7 Illusion
92%
2024 Illusion - Acapella
92%
7 | 2024 Illusion - Extended
92%
2024 Illusion (Extended) - Instrumental
92%
2024 (remix) Illusion (feat. Creepy Nuts)
92%
2024 (remix) Illusion (feat. Honey Dijon)
92%
2024 (remix) Illusion (feat. Honey Dijon) - Extended
92%
2024 (remix) Illusion (feat. Logic1000)
92%
2024 (remix) Illusion (feat. Logic1000) - Extended
92%
2024 (remix) Illusion (feat. Regard)
92%
2024 (remix) Illusion (feat. The Blaze)
92%
2024 (remix) Illusion (feat. The Blaze) - Extended
92%
2024 Illusion - Instrumental
92%
8 Illusion (Live from the Royal Albert Hall)
92%
2024 Illusion - London Sessions
92%
2 | 5 Levitating
92%
2021 (remix) Levitating (feat. Amaal Mallik, Prakriti Kakar & Sukriti Kakar)
92%
1 | 18 Levitating (feat. DaBaby)
92%
5 (remix) Levitating (feat. DaBaby & Don Diablo)
92%
4 (remix) Levitating (feat. DaBaby & KUU)
92%
9 (remix) Levitating (feat. Madonna & Missy Elliott)
92%
3 (remix) Levitating (feat. Madonna, Missy Elliott & The Blessed Madonna)
92%
15 Levitating (Live from the Royal Albert Hall)
92%
9 Break My Heart
83%
8 (remix) Break My Heart / Cosmic Girl (feat. Dimitri From Paris & Jamiroquai)
83%
17 (remix) Break My Heart (feat. Dimitri From Paris & Moodymann)
83%
2020 (remix) Break My Heart (feat. Jax Jones)
83%
2020 (remix) Break My Heart (feat. Moon Boots)
83%
2 End Of An Era (Live from the Royal Albert Hall)
83%
10 New Rules
83%
2017 New Rules - Acapella
83%
2017 New Rules - Acoustic
83%
2017 (remix) New Rules (feat. Alison Wonderland)
83%
2017 (remix) New Rules (feat. Freedo)
83%
2017 (remix) New Rules (feat. Initial Talk)
83%
2017 (remix) New Rules (feat. KREAM)
83%
2017 (remix) New Rules (feat. MRK)
83%
2017 (remix) New Rules (feat. SG Lewis)
83%
2017 New Rules - Instrumental
83%
25 | 2017 New Rules - Live
83%
2017 New Rules - Live at the BRIT Awards, 2018
83%
3 Training Season
83%
2024 Training Season - Acapella
83%
2024 Training Season - Acoustic Version
83%
3 | 2024 Training Season - Extended
83%
2024 Training Season - Extended ; Instrumental
83%
2024 (remix) Training Season (feat. Chloé Caillet)
83%
2024 Training Season - Instrumental
83%
2024 Training Season - Live a the BRIT Awards 2024
83%
4 Training Season (Live from the Royal Albert Hall)
83%
2024 Training Season - London Sessions
83%
2021 Cold Heart - Actoustic (feat. Elton John)
75%
2021 (remix) Cold Heart (feat. Claptone & Elton John)
75%
2021 (remix) Cold Heart (feat. Elton John & PNAU)
75%
2021 (remix) Cold Heart (feat. Elton John & PS1)
75%
2021 (remix) Cold Heart (feat. Elton John & The Blessed Madonna)
75%
2021 (remix) Cold Heart (feat. Elton John & The Blessed Madonna) - Extended
75%
17 Cold Heart (Live from the Royal Albert Hall)
75%
3 Cool
75%
2 (remix) Cool (feat. Jayda G)
75%
2 Don't Start Now
75%
2020 (remix) Don't Start Now (feat. Dom Dolla)
75%
2020 (remix) Don't Start Now (feat. Kungs)
75%
2020 (remix) Don't Start Now (feat. Pink Panda)
75%
2020 (remix) Don't Start Now (feat. Purple Disco Machine)
75%
2020 (remix) Don't Start Now (feat. Regard)
75%
13 (remix) Don't Start Now (feat. Yaeji)
75%
2020 (remix) Don't Start Now (feat. Zach Witness)
75%
20 Don't Start Now (Live from the Royal Albert Hall)
75%
2020 (remix) Don't Start Now - Live in LA
75%
1 End Of An Era
75%
1 End Of An Era - Extended
75%
12 Fever (feat. Angèle)
75%
2021 (remix) Fever (feat. Angèle & Feder)
75%
2021 (remix) Fever (feat. Angèle & Myd)
75%
2020 (remix) Fever (feat. Angèle & Oklou)
75%
2021 (remix) Fever (feat. Angèle & Vantage)
75%
10 Good In Bed
75%
3 (remix) Good In Bed (feat. Gen Hoshino & Zach Witness)
75%
7 Hallucinate
75%
11 (remix) Hallucinate - Extended (feat. Paul Woolford)
75%
10 (remix) Hallucinate (feat. Mr. Fingers)
75%
2020 (remix) Hallucinate (feat. Paul Woolford)
75%
2020 (remix) Hallucinate (feat. Tensnake)
75%
8 Love Again
75%
2021 (remix) Love Again (feat. GARABATTO)
75%
7 (remix) Love Again (feat. Horse Meat Disco)
75%
2021 (remix) Love Again (feat. Imanbek)
75%
13 Love Again (Live from the Royal Albert Hall)
75%
10 Maria
75%
10 Maria - Extended
75%
11 Maria (Live from the Royal Albert Hall)
75%
21 | 2017 One Kiss (feat. Calvin Harris)
75%
5 Whatcha Doing
75%
9 Anything For Love
67%
9 Anything For Love - Extended
67%
10 Anything For Love (Live from the Royal Albert Hall)
67%
8 Falling Forever
67%
8 Falling Forever - Extended
67%
9 Falling Forever (Live from the Royal Albert Hall)
67%
1 Future Nostalgia
67%
1 (remix) Future Nostalgia (feat. Joe Goddard)
67%
11 Happy For You
67%
11 Happy For You - Extended
67%
12 Happy For You (Live from the Royal Albert Hall)
67%
5 IDGAF
67%
2018 IDGAF - Acapella
67%
2018 IDGAF - Acoustic
67%
2018 (remix) IDGAF (feat. Anna of the North)
67%
2018 (remix) IDGAF (feat. B-Case)
67%
2018 (remix) IDGAF (feat. Darius)
67%
2018 (remix) IDGAF (feat. Diablo & Rich Brian)
67%
2018 (remix) IDGAF (feat. Hazers)
67%
2018 (remix) IDGAF (feat. Initial Talk)
67%
2018 (remix) IDGAF (feat. Saweetie)
67%
2018 (remix) IDGAF (feat. Young Franco)
67%
2018 IDGAF - Instrumental
67%
4 Physical
67%
2020 (remix) Physical (feat. Alok)
67%
2020 (remix) Physical (feat. Claptone)
67%
2020 (remix) Physical (feat. Erika de Casier)
67%
14 (remix) Physical (feat. Gwen Stefani & Mark Ronson)
67%
2020 (remix) Physical (feat. HWASA)
67%
2020 (remix) Physical (feat. Leo Zero)
67%
2020 (remix) Physical (feat. Ofenbach)
67%
2025 Physical (feat. Troye Sivan)
67%
2022 (remix) Sweetest Pie (feat. David Guetta & Megan Thee Stallion)
67%
2022 (remix) Sweetest Pie (feat. David Guetta & Megan Thee Stallion) - Extended
67%
2022 Sweetest Pie (feat. Megan Thee Stallion)
67%
4 These Walls
67%
4 These Walls - Extended
67%
2024 These Walls (feat. Pierre de Maere)
67%
5 These Walls (Live from the Royal Albert Hall)
67%
13 We're Good
67%
2021 (remix) We're Good - Extended (feat. Dillon Francis)
67%
2021 (remix) We're Good (feat. Dillon Francis)
67%
2023 Dance The Night - From Barbie The Album
58%
19 Dance The Night (Live from the Royal Albert Hall)
58%
6 French Exit
58%
6 French Exit - Extended
58%
7 French Exit (Live from the Royal Albert Hall)
58%
3 Hotter Than Hell
58%
2016 Hotter Than Hell - Acapella
58%
2016 (remix) Hotter Than Hell (feat. Carsten Fietz)
58%
2016 (remix) Hotter Than Hell (feat. Jack Wins)
58%
2016 (remix) Hotter Than Hell (feat. Matoma)
58%
2016 (remix) Hotter Than Hell (feat. Miike Snow)
58%
2016 (remix) Hotter Than Hell (feat. Shadow Child)
58%
2016 (remix) Hotter Than Hell (feat. VIMALAVONG)
58%
2016 Hotter Than Hell - Instrumental
58%
5 Hotter Than Hell - Live from Spotify, London
58%
24 | 2016 No Lie (feat. Sean Paul)
58%
2021 (remix) Prisoner (feat. Jax Jones & Miley Cyrus)
58%
14 Prisoner (feat. Miley Cyrus)
58%
6 Blow Your Mind (Mwah)
50%
2016 Blow Your Mind (Mwah) - Acapella
50%
2016 Blow Your Mind (Mwah) - Acoustic
50%
2016 (remix) Blow Your Mind (Mwah) (feat. Alex Metric)
50%
2016 (remix) Blow Your Mind (Mwah) (feat. Black Saint)
50%
2016 (remix) Blow Your Mind (Mwah) (feat. Karma Kid)
50%
2016 (remix) Blow Your Mind (Mwah) (feat. Night Moves)
50%
2016 Blow Your Mind (Mwah) - Instrumental
50%
2018 Electricity (feat. Diplo, Mark Ronson & Silk City)
50%
22 Electricity (feat. Silk City)
50%
15 (remix) | 20 Kiss and Make Up (feat. BLACKPINK)
50%
6 Pretty Please
50%
5 (remix) Pretty Please (feat. Masters At Work)
50%
4 (remix) Pretty Please (feat. Midland)
50%
14 Pretty Please (Live from the Royal Albert Hall)
50%
23 | 2017 Scared to Be Lonely (feat. Martin Garrix)
50%
2017 Scared to Be Lonely (feat. Martin Garrix) - Acoustic Version
50%
16 That Kind Of Woman
50%
16 (remix) That Kind Of Woman (feat. Jacques Lu Cont)
50%
19 Un Día (feat. Bad Bunny, J. Balvin & Tainy)
50%
2020 UN DIA (ONE DAY) (feat. Bad Bunny, J Balvin & Tainy)
50%
11 Boys Will Be Boys
42%
6 (remix) Boys Will Be Boys (feat. Zach Witness)
42%
15 New Love
42%
2016 (remix) New Love - Acapella
42%
2016 (remix) New Love (feat. Jarreau Vandal)
42%
2016 (remix) New Love (feat. Paraone)
42%
2016 New Love - Instrumental
42%
2 New Love - Live from Spotify, London
42%
13 Dreams
33%
12 Homesick
33%
15 If It Ain't Me
33%
2017 (remix) Lost In Your Light (feat. B-Case & Miguel)
33%
2017 (remix) Lost In Your Light (feat. Dj Rasimcan & Miguel)
33%
2 Lost In Your Light (feat. Miguel)
33%
17 Not My Problem (feat. JID)
33%
2022 Potion (feat. Calvin Harris & Young Thug)
33%
14 Room for 2
33%
11 Begging
25%
7 Garden
25%
1 Genesis
25%
2025 Handlebars (feat. JENNIE)
25%
19 Running
25%
16 Sunshine (Live from the Royal Albert Hall)
25%
2019 Swan Song - Acoustic
25%
2019 (remix) Swan Song (feat. aboutagirl)
25%
2019 (remix) Swan Song (feat. Calibre)
25%
2019 (remix) Swan Song (feat. DJ Shadow & NastyNasty)
25%
2019 (remix) SwanSong (feat. Maya Jane Coles)
25%
2019 Swan Song - From the Motion Picture "Alita : Battle Angel"
25%
16 Bad Together
17%
2021 CAN THEY HEAR US (From 'Gully' with original Daniel Heath Score)
17%
17 Last Dance
17%
2016 Last Dance - Acapella
17%
2016 (remix) Last Dance (feat. Coucheron)
17%
2016 (remix) Last Dance (feat. MINéO)
17%
2016 (remix) Last Dance (feat. MINO)
17%
2016 (remix) Last Dance (feat. Salute)
17%
2016 (remix) Last Dance (feat. Stefan Ponce)
17%
2016 Last Dance - Instrumental
17%
2017 | 2017(remix) My Love (feat. Major Lazer, Wale & WizKid)
17%
8 No Goodbyes
17%
2020 (remix) Real Groove (feat. Kylie Minogue)
17%
9 Thinking 'Bout You
17%
2016 (remix) Thinking 'Bout You (feat. Decco)
17%
1 Thinking 'Bout You - Live from Spotify, London
17%
5 Whatcha Doing - Extended
17%
2021 Demeanor (feat. Pop Smoke)
8%
3 I'm Not the Only One - Live from Spotify, London
8%
12 (remix) Love is Religion
8%
1 Overture (Live from the Royal Albert Hall)
8%
2020 (remix) SUGAR (feat. BROCKHAMPTON)
8%
2024 Think I'm In Love With You (feat. Chris Stapleton)
8%
18 Want To
8%
6 Whatcha Doing (Live from the Royal Albert Hall)
8%
2018 If Only (feat. Andrea Bocelli)
0%
Aucun quiz correspondant
Distribution des résultats
% des personnes avec chaque résultat
Percentile par nombre de réponses
Votre historique - résultats
Vous n’avez pas pris ce quiz